| 000 | 00316cam a22001097a 4500 | ||
|---|---|---|---|
| 008 | 180718b1967 xxu||||| |||| 00| 0 eng d | ||
| 082 | _aN2203x54 Inb/1967 | ||
| 245 |
_aThe unlawful activities(prevention) bill _cby Lok Sabha |
||
| 260 |
_aNew Delhi _bLok Sabha Secretariat _c1967 |
||
| 300 | _a30p. | ||
| 700 | _aLok Sabha | ||
| 999 |
_c493859 _d493859 |
||